00354nam a2200133Ia 45000010005000000080041000050200022000460820024000681000031000922450024001232600030001479010028001779990015002052251241024s9999 xx 000 0 und d a978-99934-42-44-5 aRD/972.93/ES77v/v.2 aJovino A. Espínola Reyes 0aLa Vega Histórica bEdiciones Ferilibroc2009 a15/5/2012 11:36:07 a.m. c7600d7600